000 00955nam a22002417a 4500
005 20240530110612.0
008 161108s2015 jo a g b 000 0 ara d
017 _bمصر. دار الكتب
040 _aEG-CaGPL
_cEG-CaGPL
082 0 4 _221
_a371.207\
_bم ت
100 0 _aمختار نورالدين عثمان .
245 1 2 _aالتخطيط التربوى و تطبيقاته /
_cمختار نورالدين عثمان .
250 _aط.1
260 _aالاردن :
_bمكتبة الفلاح للنشر و التوزيع ،
_c2015 .
300 _a457 ص :
_bايض ؛
_c24 سم .
504 _aيشتمل على ارجاعات ببليوجرافية
650 0 7 _2qrmak
_aالتخطيط التربوى
650 0 7 _2qrmak
_aالسياسة التعليمة
650 0 7 _2qrmak
_aالتعليم
_xاقتصاديات
650 0 7 _2qrmak
_aالخرائط المدرسية
942 _2ddc
_cBK
999 _c62871
_d62871